GETS Theological Seminary Library

Integrating women into Second Temple history (Record no. 33205)

MARC details
000 -LEADER
fixed length control field 00674nam a2200205Ia 4500
008 - FIXED-LENGTH DATA ELEMENTS--GENERAL INFORMATION
fixed length control field 201221s9999||||xx |||||||||||||| ||und||
020 ## - INTERNATIONAL STANDARD BOOK NUMBER
International Standard Book Number 1565635477
020 ## - INTERNATIONAL STANDARD BOOK NUMBER
International Standard Book Number 9781565635470
041 ## - LANGUAGE CODE
Language code of text/sound track or separate title eng
050 ## - LIBRARY OF CONGRESS CALL NUMBER
Classification number BM729.W6
Item number .I42 2001
100 ## - MAIN ENTRY--PERSONAL NAME
Personal name Ilan, Ṭal
245 #0 - TITLE STATEMENT
Title Integrating women into Second Temple history
Remainder of title /
Statement of responsibility, etc. Ṭal Ilan
260 ## - PUBLICATION, DISTRIBUTION, ETC.
Place of publication, distribution, etc. Peabody, Ma.:
Name of publisher, distributor, etc. Hendrickson Publishers,
Date of publication, distribution, etc. 2001
300 ## - PHYSICAL DESCRIPTION
Extent xii, 296 p.
Other physical details ;
Dimensions 23 cm.
490 ## - SERIES STATEMENT
Series statement Texte und Studien zum antiken Judentum
Volume/sequential designation 76
650 ## - SUBJECT ADDED ENTRY--TOPICAL TERM
Topical term or geographic name entry element Jewish women -- Historiography.
650 ## - SUBJECT ADDED ENTRY--TOPICAL TERM
Topical term or geographic name entry element Judaism -- History -- Post-exilic period, 586 B.C.-210 A.D.
650 ## - SUBJECT ADDED ENTRY--TOPICAL TERM
Topical term or geographic name entry element Women in Judaism -- History.
Holdings
Withdrawn status Lost status Damaged status Not for loan Home library Current library Shelving location Date acquired Total Checkouts Full call number Barcode Date last seen Price effective from Koha item type
        GETS Theological Seminary Library GETS Theological Seminary Library General Stacks 12/21/2020   BM729.W6 .I42 2001 00021006 12/21/2020 12/21/2020 English Books
OpacCredits

Contact the Librarian, GETS Library
Email: library@mygets.org









Implemented by GETS Library
(Powered by ETCA Professional Group)
GETS Theological Seminary
412 E. Rowland Street, CA 91723